|
|
|
|
| LEADER |
00000naa2a2200000 4500 |
| 001 |
427027 |
| 005 |
20231101074620.0 |
| 035 |
|
|
|a (RuTPU)RU\TPU\prd\86141
|
| 035 |
|
|
|a RU\TPU\prd\6474
|
| 090 |
|
|
|a 427027
|
| 100 |
|
|
|a 20100902a2002 k y0rusy50 ca
|
| 101 |
0 |
|
|a rus
|
| 102 |
|
|
|a RU
|
| 200 |
1 |
|
|a Генераторы с хаотической динамикой
|f М. Н. Лебедев, В. П. Иванов
|
| 225 |
1 |
|
|a Электроника и радиотехника
|
| 320 |
|
|
|a Библиогр.: 15 назв.
|
| 461 |
|
1 |
|0 (RuTPU)RU\TPU\prd\300
|x 0032-8162
|t Приборы и техника эксперимента
|f Российская академия наук
|d 1956-
|
| 463 |
|
1 |
|0 (RuTPU)RU\TPU\prd\86127
|t № 2
|v с. 94-99
|d 2002
|
| 610 |
1 |
|
|a генераторы
|
| 610 |
1 |
|
|a хаотическая динамика
|
| 610 |
1 |
|
|a диапазон длин волн
|
| 610 |
1 |
|
|a динамика системы
|
| 610 |
1 |
|
|a динамический хаос
|
| 610 |
1 |
|
|a хаотические генераторы
|
| 675 |
|
|
|a 621.373.5:621.383.3
|v 3
|
| 700 |
|
1 |
|a Лебедев
|b М. Н.
|
| 701 |
|
1 |
|a Иванов
|b В. П.
|
| 801 |
|
1 |
|a RU
|b 63413507
|c 20020916
|g PSBO
|
| 801 |
|
2 |
|a RU
|b 63413507
|c 20100903
|g PSBO
|
| 942 |
|
|
|c BK
|